00369nam a2200121Ia 4500008004000000082001300040100002800053245005500081260006700136300000800203440000600211650003000217210210b1970 xxu||||| |||| 00| 0 eng d a030 ENCY aENCYCLOPAEDIA BRITANICA aENCYCLOPAEDIA BRITANICA (Botha to Carthage) Vol 4. aChicago.bEncyclopaedia Britanica, Inc, William Benton.,c1970 a979 a4 aEncyclopaedia Britanica